000 00387 a2200133 4500
005 20250318073254.0
020 _a0-312-42088-9
082 _a382.1 GRA
100 _aGRAY, H. P.
245 _aInternational Economic Problems and Policies
260 _aNew York,
_bSt. Martin Press,
_c1987.
300 _axiv, 486p.: ill.; graph, figure, table.
_bBibliography, index.
_c24cm.
942 _2ddc
_cBKS
999 _c843
_d843